Philadelphia Phillies All Time Stat Leaders - Statistics

General Stats
  • This quiz has been taken 207 times
    201 since last reset
  • The average score is 7 of 15
Answer Stats
Stat Categories Team Record Players % Correct
Most Wins 241 Wins Steve Carlton
94%
Most Home Runs 548 Homers Mike Schmidt
83%
Most Strikeouts 3031 K's Steve Carlton
76%
Most RBI's 1585 RBI Mike Schmidt
75%
Most Hits 2306 Hits Jimmy Rollins
69%
Most Doubles 457 Doubles Jimmy Rollins
60%
Most Walks 1507 BB Mike Schmidt
52%
Most Losses 199 Loses Robin Roberts
43%
Most Completed Games 272 CG Robin Roberts
40%
Most Saves 123 Saves Jonathan Papelbon
38%
Most Shutouts 61 Shutouts Grover Alexander
27%
Most Stolen Bases 508 Steals Billy Hamilton
17%
Most Triples 157 Triples Ed Delahanty
14%
Highest Batting Average .361 BA Billy Hamilton
10%
Lowest ERA 1.79 ERA George McQuillan
6%
No matching quizzes found
Score Distribution
Percent of People with Each Score
Percentile by Number Answered
Your Score History
You have not taken this quiz since the last reset